[Event "DVM U10 2023"]
[Site "Magdeburg GER"]
[Date "2023.12.28"]
[Round "4"]
[White "Fabritius, Wolf"]
[Black "Sutharjan, Dakxwin"]
[Result "0-1"]
[Termination "normal"]
[Board "2.1"]
[WhiteElo "1043"]
[BlackElo "1658"]
[WhiteClock "00:19:46"]
[BlackClock "00:46:51"]
[WhiteTeam "SF Heidelberg"]
[BlackTeam "SF Brackel 1930"]
[PlyCount "114"]
[WhiteFideId "34632603"]
[BlackFideId "34606548"]
[EventCountry "GER"]
[EventRounds "7"]
[EventType "team-swiss"]
[EventDate "2023.12.27"]

1. e4 {[%clk 00:55:09]} d5 {[%clk 00:55:04]} {[%emt 00:00:07]} 2. exd5 {[%clk
00:54:58]} {[%emt 00:00:16]} Nf6 {[%clk 00:55:01]} {[%emt 00:00:08]} 3. Nc3
{[%clk 00:54:17]} {[%emt 00:00:45]} Nxd5 {[%clk 00:54:59]} {[%emt 00:00:07]} 4.
Nf3 {[%clk 00:53:47]} {[%emt 00:00:36]} Bg4 {[%clk 00:54:47]} {[%emt 00:00:17]}
5. h3 {[%clk 00:52:54]} {[%emt 00:00:57]} Bh5 {[%clk 00:54:23]} {[%emt
00:00:30]} 6. Bc4 {[%clk 00:52:12]} {[%emt 00:00:47]} Nxc3 {[%emt 00:00:44]} 7.
bxc3 {[%clk 00:52:01]} {[%emt 00:00:08]} e6 {[%clk 00:53:49]} {[%emt 00:00:07]}
8. O-O {[%clk 00:51:41]} {[%emt 00:00:25]} Bd6 {[%clk 00:53:48]} {[%emt
00:00:08]} 9. d4 {[%clk 00:51:11]} {[%emt 00:00:33]} O-O {[%clk 00:53:41]}
{[%emt 00:00:12]} 10. Bg5 {[%clk 00:50:17]} {[%emt 00:00:59]} Bxf3 {[%clk
00:53:17]} {[%emt 00:00:30]} 11. Qxf3 {[%clk 00:49:39]} {[%emt 00:00:43]} Qxg5
{[%emt 00:00:11]} 12. Qxb7 {[%clk 00:48:55]} {[%emt 00:00:47]} Nd7 {[%clk
00:53:12]} {[%emt 00:00:05]} 13. Bd3 {[%clk 00:47:15]} {[%emt 00:01:46]} Qd5
{[%clk 00:52:19]} {[%emt 00:00:57]} 14. Qb1 {[%clk 00:44:47]} {[%emt 00:02:33]}
Rab8 {[%clk 00:51:52]} {[%emt 00:00:33]} 15. Qe1 {[%clk 00:44:32]} {[%emt
00:00:19]} Nb6 {[%clk 00:49:34]} {[%emt 00:02:24]} 16. f3 {[%clk 00:42:32]}
{[%emt 00:02:04]} Qg5 {[%clk 00:49:24]} {[%emt 00:00:15]} 17. Qe4 {[%clk
00:41:57]} {[%emt 00:00:40]} g6 {[%clk 00:49:01]} {[%emt 00:00:29]} 18. h4
{[%clk 00:40:42]} {[%emt 00:01:19]} Qf4 {[%clk 00:48:41]} {[%emt 00:00:26]} 19.
Qxf4 {[%clk 00:39:24]} {[%emt 00:01:23]} Bxf4 {[%clk 00:48:36]} {[%emt
00:00:09]} 20. Kf2 {[%clk 00:38:24]} {[%emt 00:01:04]} Nd5 {[%emt 00:00:13]}
21. c4 {[%clk 00:37:13]} {[%emt 00:01:16]} Be3+ {[%clk 00:48:23]} {[%emt
00:00:12]} 22. Ke2 {[%clk 00:36:21]} {[%emt 00:00:56]} Bxd4 {[%clk 00:48:21]}
{[%emt 00:00:08]} 23. cxd5 {[%emt 00:01:45]} Bxa1 {[%clk 00:48:14]} {[%emt
00:00:11]} 24. Rxa1 {[%clk 00:34:32]} {[%emt 00:00:14]} exd5 {[%clk 00:48:04]}
{[%emt 00:00:15]} 25. Kd2 {[%clk 00:33:51]} {[%emt 00:00:46]} c5 {[%clk
00:48:02]} {[%emt 00:00:08]} 26. c3 {[%clk 00:32:58]} {[%emt 00:00:57]} Rfd8
{[%clk 00:48:00]} {[%emt 00:00:08]} 27. Kc2 {[%clk 00:31:58]} {[%emt 00:01:05]}
c4 {[%clk 00:47:44]} {[%emt 00:00:21]} 28. Bf1 {[%clk 00:31:38]} {[%emt
00:00:24]} Rb6 {[%clk 00:47:35]} {[%emt 00:00:15]} 29. Rd1 {[%clk 00:31:07]}
{[%emt 00:00:36]} Rdb8 {[%clk 00:47:23]} {[%emt 00:00:17]} 30. Kd2 {[%clk
00:28:43]} {[%emt 00:02:29]} Rb1 {[%clk 00:47:16]} {[%emt 00:00:12]} 31. Rxb1
{[%clk 00:27:13]} {[%emt 00:01:35]} Rxb1 {[%clk 00:47:17]} {[%emt 00:00:04]}
32. Be2 {[%clk 00:25:55]} {[%emt 00:01:23]} Rb2+ {[%clk 00:47:17]} {[%emt
00:00:05]} 33. Ke3 {[%clk 00:25:28]} {[%emt 00:00:32]} Rxa2 {[%clk 00:47:15]}
{[%emt 00:00:06]} 34. g4 {[%clk 00:24:53]} {[%emt 00:00:40]} a5 {[%clk
00:47:10]} {[%emt 00:00:11]} 35. Bd1 {[%clk 00:24:11]} {[%emt 00:00:47]} a4
{[%clk 00:47:09]} {[%emt 00:00:06]} 36. Bxa4 {[%clk 00:23:44]} {[%emt
00:00:31]} Rxa4 {[%clk 00:47:00]} {[%emt 00:00:14]} 37. Kd4 {[%clk 00:23:38]}
{[%emt 00:00:11]} Ra3 {[%clk 00:47:02]} {[%emt 00:00:04]} 38. f4 {[%clk
00:22:37]} {[%emt 00:01:06]} Kf8 {[%clk 00:47:00]} {[%emt 00:00:07]} 39. Kxd5
{[%clk 00:21:42]} {[%emt 00:00:59]} Rxc3 {[%clk 00:46:57]} {[%emt 00:00:08]}
40. Kd4 {[%clk 00:21:30]} {[%emt 00:00:17]} Rf3 {[%clk 00:46:57]} {[%emt
00:00:05]} 41. Kxc4 {[%clk 00:21:07]} {[%emt 00:00:28]} Rxf4+ {[%clk 00:46:57]}
{[%emt 00:00:06]} 42. Kd3 {[%clk 00:20:49]} {[%emt 00:00:22]} Rxg4 {[%clk
00:46:57]} {[%emt 00:00:05]} 43. Ke3 {[%clk 00:20:41]} {[%emt 00:00:14]} Rxh4
{[%clk 00:46:56]} {[%emt 00:00:06]} 44. Kf3 {[%clk 00:20:40]} {[%emt 00:00:06]}
Ke7 {[%clk 00:46:54]} {[%emt 00:00:07]} 45. Kg3 {[%clk 00:20:40]} {[%emt
00:00:05]} Ra4 {[%clk 00:46:54]} {[%emt 00:00:05]} 46. Kf3 {[%clk 00:20:38]}
{[%emt 00:00:07]} Ke6 {[%clk 00:46:54]} {[%emt 00:00:04]} 47. Ke3 {[%clk
00:20:36]} {[%emt 00:00:08]} Kd5 {[%clk 00:46:58]} 48. Kf3 {[%clk 00:20:25]}
{[%emt 00:00:16]} Re4 {[%clk 00:46:57]} {[%emt 00:00:07]} 49. Kf2 {[%clk
00:20:20]} Kd4 {[%clk 00:46:58]} {[%emt 00:00:13]} 50. Kf3 {[%clk 00:20:18]}
{[%emt 00:00:07]} Kd3 {[%clk 00:46:59]} {[%emt 00:00:04]} 51. Kg3 {[%clk
00:20:12]} {[%emt 00:00:12]} Ke3 {[%clk 00:46:59]} {[%emt 00:00:05]} 52. Kg2
{[%clk 00:20:11]} {[%emt 00:00:05]} Rg4+ {[%clk 00:47:00]} {[%emt 00:00:04]}
53. Kh3 {[%clk 00:20:06]} {[%emt 00:00:11]} Kf3 {[%clk 00:47:00]} {[%emt
00:00:05]} 54. Kh2 {[%clk 00:20:01]} {[%emt 00:00:09]} Rg3 {[%clk 00:46:48]}
{[%emt 00:00:17]} 55. Kh1 {[%clk 00:19:57]} {[%emt 00:00:09]} Kf2 {[%clk
00:46:52]} {[%emt 00:00:02]} 56. Kh2 {[%clk 00:19:47]} {[%emt 00:00:15]} h5
{[%clk 00:46:52]} {[%emt 00:00:05]} 57. Kh1 {[%clk 00:19:46]} {[%emt 00:00:06]}
Rh3+ {[%clk 00:46:51]} {[%emt 00:00:05]} 0-1

[Event "DVM U10 2023"]
[Site "Magdeburg GER"]
[Date "2023.12.28"]
[Round "4"]
[White "Rogner, Alexander Luis"]
[Black "Graf, Tom"]
[Result "1-0"]
[Termination "normal"]
[Board "2.2"]
[WhiteElo "1531"]
[BlackElo "1095"]
[WhiteClock "00:38:54"]
[BlackClock "00:46:46"]
[WhiteTeam "SF Brackel 1930"]
[BlackTeam "SF Heidelberg"]
[PlyCount "81"]
[WhiteFideId "34606556"]
[BlackFideId "34622420"]
[EventCountry "GER"]
[EventRounds "7"]
[EventType "team-swiss"]
[EventDate "2023.12.27"]

1. e4 {[%clk 00:55:07]} {[%emt 00:00:02]} e5 {[%clk 00:55:03]} {[%emt
00:00:08]} 2. Nf3 {[%clk 00:55:08]} {[%emt 00:00:04]} Nc6 {[%clk 00:54:59]}
{[%emt 00:00:09]} 3. Bb5 {[%clk 00:55:06]} {[%emt 00:00:06]} Bc5 {[%clk
00:54:51]} {[%emt 00:00:13]} 4. d3 {[%clk 00:54:46]} {[%emt 00:00:25]} Nf6
{[%clk 00:54:43]} {[%emt 00:00:12]} 5. O-O {[%clk 00:54:36]} {[%emt 00:00:16]}
d6 {[%clk 00:54:41]} {[%emt 00:00:07]} 6. c3 {[%clk 00:54:32]} {[%emt
00:00:09]} a6 {[%clk 00:54:36]} {[%emt 00:00:10]} 7. Bxc6+ {[%clk 00:54:29]}
{[%emt 00:00:09]} bxc6 {[%clk 00:54:31]} {[%emt 00:00:10]} 8. Nbd2 {[%clk
00:54:15]} {[%emt 00:00:18]} O-O {[%clk 00:54:09]} {[%emt 00:00:27]} 9. h3
{[%clk 00:54:15]} {[%emt 00:00:05]} Re8 {[%clk 00:54:04]} {[%emt 00:00:10]} 10.
Re1 {[%clk 00:54:08]} {[%emt 00:00:12]} Nd7 {[%clk 00:53:48]} {[%emt 00:00:21]}
11. d4 {[%clk 00:53:58]} {[%emt 00:00:14]} exd4 {[%clk 00:53:46]} {[%emt
00:00:08]} 12. cxd4 {[%clk 00:53:54]} {[%emt 00:00:09]} Bb4 {[%clk 00:53:43]}
{[%emt 00:00:08]} 13. a3 {[%clk 00:53:05]} {[%emt 00:00:54]} Bxd2 {[%clk
00:53:37]} {[%emt 00:00:11]} 14. Bxd2 {[%clk 00:52:51]} {[%emt 00:00:20]} d5
{[%clk 00:53:29]} {[%emt 00:00:13]} 15. e5 {[%clk 00:52:08]} {[%emt 00:00:47]}
c5 {[%clk 00:53:21]} {[%emt 00:00:14]} 16. Bg5 {[%clk 00:51:33]} {[%emt
00:00:39]} f6 {[%clk 00:53:07]} {[%emt 00:00:19]} 17. exf6 {[%clk 00:51:28]}
{[%emt 00:00:10]} Rxe1+ {[%clk 00:52:55]} {[%emt 00:00:18]} 18. Qxe1 {[%clk
00:51:26]} {[%emt 00:00:07]} Nxf6 {[%clk 00:52:40]} {[%emt 00:00:19]} 19. Bxf6
{[%clk 00:50:41]} {[%emt 00:00:50]} Qxf6 {[%clk 00:52:10]} {[%emt 00:00:36]}
20. Qe8+ {[%clk 00:50:28]} {[%emt 00:00:17]} Qf8 {[%clk 00:52:09]} {[%emt
00:00:06]} 21. Qc6 {[%clk 00:50:10]} {[%emt 00:00:23]} Rb8 {[%clk 00:51:43]}
{[%emt 00:00:31]} 22. Qxd5+ {[%clk 00:49:42]} {[%emt 00:00:34]} Kh8 {[%clk
00:51:34]} {[%emt 00:00:13]} 23. Qxc5 {[%clk 00:47:33]} {[%emt 00:02:14]} Bxh3
{[%clk 00:50:59]} {[%emt 00:00:40]} 24. Qxc7 {[%clk 00:45:26]} {[%emt
00:02:12]} Bg4 {[%clk 00:50:20]} {[%emt 00:00:43]} 25. Ne5 {[%clk 00:42:25]}
{[%emt 00:03:07]} Bf5 {[%clk 00:50:05]} {[%emt 00:00:19]} 26. b4 {[%clk
00:41:54]} {[%emt 00:00:37]} Rc8 {[%clk 00:49:38]} {[%emt 00:00:32]} 27. Qf7
{[%clk 00:41:09]} {[%emt 00:00:49]} Qxf7 {[%clk 00:49:25]} {[%emt 00:00:20]}
28. Nxf7+ {[%clk 00:41:07]} {[%emt 00:00:06]} Kg8 {[%clk 00:49:17]} {[%emt
00:00:13]} 29. Nd6 {[%clk 00:40:57]} {[%emt 00:00:15]} Rf8 {[%clk 00:49:13]}
{[%emt 00:00:09]} 30. Nxf5 {[%clk 00:40:44]} {[%emt 00:00:18]} Rxf5 {[%clk
00:49:08]} {[%emt 00:00:10]} 31. Rc1 {[%clk 00:40:40]} {[%emt 00:00:09]} Rd5
{[%clk 00:48:51]} {[%emt 00:00:22]} 32. Rc6 {[%clk 00:40:16]} {[%emt 00:00:29]}
a5 {[%clk 00:48:33]} {[%emt 00:00:23]} 33. Rc5 {[%clk 00:40:16]} {[%emt
00:00:05]} Rxd4 {[%clk 00:48:02]} {[%emt 00:00:37]} 34. Rxa5 {[%clk 00:40:14]}
{[%emt 00:00:06]} Kf7 {[%clk 00:47:59]} {[%emt 00:00:08]} 35. Ra7+ {[%clk
00:39:50]} {[%emt 00:00:28]} Kg6 {[%clk 00:47:53]} {[%emt 00:00:11]} 36. b5
{[%clk 00:39:36]} {[%emt 00:00:20]} h6 {[%clk 00:47:18]} {[%emt 00:00:40]} 37.
b6 {[%clk 00:39:27]} {[%emt 00:00:14]} Rd8 {[%clk 00:47:17]} {[%emt 00:00:07]}
38. b7 {[%clk 00:39:07]} {[%emt 00:00:24]} Rb8 {[%clk 00:47:07]} {[%emt
00:00:14]} 39. a4 {[%clk 00:38:54]} {[%emt 00:00:19]} Kf6 {[%clk 00:47:01]}
{[%emt 00:00:11]} 40. a5 {[%clk 00:38:54]} {[%emt 00:00:05]} Ke6 {[%clk
00:46:46]} {[%emt 00:00:19]} 41. a6 {[%emt 00:00:45]} 1-0

[Event "DVM U10 2023"]
[Site "Magdeburg GER"]
[Date "2023.12.28"]
[Round "4"]
[White "Vlad, Mark"]
[Black "Hendler, Maximilian"]
[Result "0-1"]
[Termination "normal"]
[Board "2.3"]
[WhiteElo "1015"]
[BlackElo "1290"]
[WhiteClock "00:29:48"]
[BlackClock "00:43:17"]
[WhiteTeam "SF Heidelberg"]
[BlackTeam "SF Brackel 1930"]
[PlyCount "82"]
[WhiteFideId "34663258"]
[BlackFideId "34616500"]
[EventCountry "GER"]
[EventRounds "7"]
[EventType "team-swiss"]
[EventDate "2023.12.27"]

1. e4 {[%clk 00:55:05]} {[%emt 00:00:04]} c5 {[%clk 00:55:05]} {[%emt
00:00:06]} 2. Nf3 {[%clk 00:55:05]} {[%emt 00:00:04]} d6 {[%clk 00:55:06]}
{[%emt 00:00:06]} 3. d4 {[%clk 00:55:04]} {[%emt 00:00:06]} cxd4 {[%clk
00:55:03]} {[%emt 00:00:07]} 4. Nxd4 {[%clk 00:54:58]} {[%emt 00:00:11]} Nf6
{[%clk 00:54:48]} {[%emt 00:00:20]} 5. Nc3 {[%clk 00:54:57]} {[%emt 00:00:06]}
g6 {[%clk 00:54:39]} {[%emt 00:00:14]} 6. Bd3 {[%clk 00:54:53]} {[%emt
00:00:10]} Bg7 {[%clk 00:54:36]} {[%emt 00:00:07]} 7. O-O {[%clk 00:54:53]}
{[%emt 00:00:06]} O-O {[%clk 00:54:32]} {[%emt 00:00:09]} 8. Bg5 {[%clk
00:54:47]} {[%emt 00:00:10]} Nc6 {[%clk 00:54:01]} {[%emt 00:00:37]} 9. Nxc6
{[%clk 00:54:40]} {[%emt 00:00:12]} bxc6 {[%clk 00:53:58]} {[%emt 00:00:08]}
10. Bxf6 {[%clk 00:54:37]} {[%emt 00:00:07]} Bxf6 {[%clk 00:53:55]} {[%emt
00:00:08]} 11. Qd2 {[%clk 00:54:28]} {[%emt 00:00:14]} Rb8 {[%clk 00:53:13]}
{[%emt 00:00:47]} 12. b3 {[%clk 00:54:25]} {[%emt 00:00:08]} Qa5 {[%clk
00:52:47]} {[%emt 00:00:31]} 13. Rfc1 {[%clk 00:51:04]} {[%emt 00:03:26]} Bxc3
{[%emt 00:00:31]} 14. Qe3 {[%clk 00:49:36]} {[%emt 00:01:28]} Bxa1 {[%clk
00:52:13]} {[%emt 00:00:18]} 15. Rxa1 {[%clk 00:48:55]} {[%emt 00:00:47]} Qc3
{[%clk 00:51:41]} {[%emt 00:00:36]} 16. Rc1 {[%clk 00:48:27]} {[%emt 00:00:32]}
Qc5 {[%clk 00:50:07]} {[%emt 00:01:39]} 17. Qg5 {[%clk 00:47:41]} {[%emt
00:00:50]} Qxg5 {[%clk 00:50:04]} {[%emt 00:00:09]} 18. Rd1 {[%clk 00:47:00]}
{[%emt 00:00:47]} Bh3 {[%clk 00:49:20]} {[%emt 00:00:49]} 19. g3 {[%clk
00:46:48]} {[%emt 00:00:16]} Qf6 {[%clk 00:49:04]} {[%emt 00:00:21]} 20. Rb1
{[%clk 00:44:49]} {[%emt 00:02:04]} Qf3 {[%clk 00:47:54]} {[%emt 00:01:15]} 21.
Bf1 {[%clk 00:43:57]} {[%emt 00:00:58]} Bxf1 {[%clk 00:47:52]} {[%emt
00:00:07]} 22. Rxf1 {[%clk 00:43:51]} {[%emt 00:00:11]} Qxe4 {[%clk 00:47:50]}
{[%emt 00:00:07]} 23. c4 {[%clk 00:43:39]} {[%emt 00:00:17]} d5 {[%clk
00:47:41]} {[%emt 00:00:14]} 24. cxd5 {[%clk 00:41:44]} {[%emt 00:02:01]} cxd5
{[%clk 00:47:38]} {[%emt 00:00:08]} 25. Rc1 {[%clk 00:40:50]} {[%emt 00:00:58]}
Rfc8 {[%clk 00:47:33]} {[%emt 00:00:10]} 26. Rf1 {[%clk 00:38:00]} {[%emt
00:02:55]} Rc7 {[%clk 00:47:08]} {[%emt 00:00:30]} 27. f3 {[%clk 00:36:31]}
{[%emt 00:01:34]} Qe3+ {[%clk 00:45:57]} {[%emt 00:01:16]} 28. Kh1 {[%clk
00:34:52]} {[%emt 00:01:43]} Rbc8 {[%clk 00:45:45]} {[%emt 00:00:18]} 29. Kg2
{[%clk 00:34:10]} {[%emt 00:00:46]} Qe2+ {[%clk 00:45:29]} {[%emt 00:00:22]}
30. Rf2 {[%clk 00:33:58]} {[%emt 00:00:17]} Qxf2+ {[%clk 00:45:29]} {[%emt
00:00:06]} 31. Kxf2 {[%clk 00:33:25]} {[%emt 00:00:37]} d4 {[%clk 00:45:27]}
{[%emt 00:00:07]} 32. Kg2 {[%clk 00:33:25]} {[%emt 00:00:05]} d3 {[%clk
00:45:25]} {[%emt 00:00:07]} 33. Kh3 {[%emt 00:00:15]} d2 {[%clk 00:45:21]}
{[%emt 00:00:08]} 34. Kg2 {[%clk 00:32:50]} {[%emt 00:00:30]} d1=Q {[%clk
00:45:12]} {[%emt 00:00:15]} 35. Kh3 {[%clk 00:32:44]} {[%emt 00:00:11]} Qf1+
{[%clk 00:45:10]} {[%emt 00:00:07]} 36. Kh4 {[%clk 00:32:37]} {[%emt 00:00:12]}
Rc2 {[%clk 00:44:36]} {[%emt 00:00:39]} 37. h3 {[%clk 00:31:08]} {[%emt
00:01:33]} Rh2 {[%clk 00:43:57]} {[%emt 00:00:44]} 38. Kg5 {[%clk 00:30:50]}
{[%emt 00:00:23]} f6+ {[%clk 00:43:48]} {[%emt 00:00:15]} 39. Kf4 {[%clk
00:30:45]} {[%emt 00:00:10]} Qe2 {[%clk 00:43:20]} {[%emt 00:00:33]} 40. h4
{[%clk 00:30:04]} {[%emt 00:00:46]} Qe5+ {[%clk 00:43:15]} {[%emt 00:00:09]}
41. Kg4 {[%clk 00:29:48]} {[%emt 00:00:21]} Qf5# {[%clk 00:43:17]} {[%emt
00:00:04]} 0-1

[Event "DVM U10 2023"]
[Site "Magdeburg GER"]
[Date "2023.12.28"]
[Round "4"]
[White "Hendler, Felicitas"]
[Black "Müller, Theo"]
[Result "1-0"]
[Termination "normal"]
[Board "2.4"]
[WhiteElo "1408"]
[BlackElo "1019"]
[WhiteClock "00:48:06"]
[BlackClock "00:49:51"]
[WhiteTeam "SF Brackel 1930"]
[BlackTeam "SF Heidelberg"]
[PlyCount "73"]
[WhiteFideId "34616519"]
[EventCountry "GER"]
[EventRounds "7"]
[EventType "team-swiss"]
[EventDate "2023.12.27"]

1. e4 {[%clk 00:55:06]} {[%emt 00:00:03]} e6 {[%clk 00:55:06]} {[%emt
00:00:04]} 2. d4 {[%clk 00:55:05]} {[%emt 00:00:06]} d5 {[%emt 00:00:07]} 3.
Nc3 {[%clk 00:55:06]} {[%emt 00:00:03]} Nf6 {[%clk 00:54:59]} {[%emt 00:00:11]}
4. Bg5 {[%clk 00:54:31]} {[%emt 00:00:40]} Bb4 {[%clk 00:54:41]} {[%emt
00:00:23]} 5. e5 {[%clk 00:54:18]} {[%emt 00:00:18]} Bxc3+ {[%clk 00:54:28]}
{[%emt 00:00:18]} 6. bxc3 {[%clk 00:54:10]} {[%emt 00:00:14]} Nbd7 {[%clk
00:54:23]} {[%emt 00:00:10]} 7. exf6 {[%clk 00:54:00]} {[%emt 00:00:14]} Nxf6
{[%clk 00:54:21]} {[%emt 00:00:07]} 8. Nf3 {[%clk 00:53:51]} {[%emt 00:00:13]}
h6 {[%clk 00:54:20]} {[%emt 00:00:07]} 9. Bh4 {[%clk 00:53:48]} {[%emt
00:00:08]} Bd7 {[%clk 00:54:14]} {[%emt 00:00:11]} 10. Bd3 {[%clk 00:53:29]}
{[%emt 00:00:24]} Ne4 {[%clk 00:54:02]} {[%emt 00:00:17]} 11. Bxd8 {[%clk
00:53:20]} {[%emt 00:00:14]} Nxc3 {[%clk 00:53:50]} {[%emt 00:00:17]} 12. Qd2
{[%clk 00:53:08]} {[%emt 00:00:18]} Rxd8 {[%clk 00:53:39]} {[%emt 00:00:16]}
13. Qxc3 {[%clk 00:53:05]} {[%emt 00:00:08]} c6 {[%clk 00:53:34]} {[%emt
00:00:10]} 14. Rb1 {[%clk 00:52:59]} {[%emt 00:00:11]} b5 {[%clk 00:53:31]}
{[%emt 00:00:08]} 15. Qc5 {[%clk 00:52:53]} {[%emt 00:00:11]} a6 {[%clk
00:53:15]} {[%emt 00:00:21]} 16. O-O {[%clk 00:52:12]} {[%emt 00:00:45]} a5
{[%clk 00:53:09]} {[%emt 00:00:12]} 17. Qb6 {[%clk 00:52:03]} {[%emt 00:00:14]}
a4 {[%clk 00:52:59]} {[%emt 00:00:15]} 18. Ne5 {[%clk 00:51:52]} {[%emt
00:00:15]} O-O {[%clk 00:52:50]} {[%emt 00:00:14]} 19. Nxd7 {[%clk 00:51:43]}
{[%emt 00:00:14]} Rxd7 {[%clk 00:52:43]} {[%emt 00:00:12]} 20. Qxc6 {[%clk
00:51:36]} {[%emt 00:00:12]} Rfd8 {[%clk 00:52:28]} {[%emt 00:00:21]} 21. Bxb5
{[%clk 00:51:10]} {[%emt 00:00:31]} Re7 {[%clk 00:52:06]} {[%emt 00:00:27]} 22.
Qc5 {[%clk 00:50:46]} {[%emt 00:00:29]} Rb7 {[%clk 00:51:59]} {[%emt 00:00:11]}
23. Bxa4 {[%clk 00:50:14]} {[%emt 00:00:38]} Rbb8 {[%clk 00:51:46]} {[%emt
00:00:18]} 24. Rxb8 {[%clk 00:50:09]} {[%emt 00:00:09]} Rxb8 {[%clk 00:51:38]}
{[%emt 00:00:13]} 25. Qd6 {[%clk 00:50:00]} {[%emt 00:00:14]} Ra8 {[%clk
00:51:22]} {[%emt 00:00:21]} 26. Bb5 {[%clk 00:49:47]} {[%emt 00:00:19]} Rxa2
{[%clk 00:51:03]} {[%emt 00:00:23]} 27. Qd8+ {[%clk 00:49:44]} {[%emt
00:00:08]} Kh7 {[%clk 00:50:59]} {[%emt 00:00:10]} 28. Bd3+ {[%clk 00:49:42]}
{[%emt 00:00:07]} g6 {[%clk 00:50:52]} {[%emt 00:00:12]} 29. Qf8 {[%clk
00:49:30]} {[%emt 00:00:17]} Ra7 {[%clk 00:50:41]} {[%emt 00:00:16]} 30. h4
{[%clk 00:49:11]} {[%emt 00:00:23]} h5 {[%clk 00:50:37]} {[%emt 00:00:09]} 31.
g4 {[%clk 00:48:58]} {[%emt 00:00:19]} hxg4 {[%clk 00:50:27]} {[%emt 00:00:15]}
32. h5 {[%clk 00:48:55]} {[%emt 00:00:07]} f5 {[%clk 00:50:16]} {[%emt
00:01:05]} 33. hxg6+ {[%clk 00:48:37]} {[%emt 00:00:18]} Kxg6 {[%clk 00:50:14]}
{[%emt 00:00:07]} 34. Kg2 {[%clk 00:48:32]} {[%emt 00:00:10]} Rf7 {[%clk
00:50:11]} {[%emt 00:00:09]} 35. Qg8+ {[%clk 00:48:17]} {[%emt 00:00:19]} Rg7
{[%clk 00:50:04]} {[%emt 00:00:11]} 36. Qxe6+ {[%clk 00:48:11]} {[%emt
00:00:12]} Kh7 {[%clk 00:49:51]} {[%emt 00:00:17]} 37. Rh1# {[%clk 00:48:06]}
{[%emt 00:00:10]} *